8 mots dans mots : sue (mort subite) - Statistiques

Statistiques générales
  • Ce quiz a été pris 40 fois
  • Le résultat moyen est 6 sur 8
Answers on the Grid
Answers color-coded by a green-red scale on the quiz's grid according to % correct below.
Inu---l
Mas---
Distrib---onnaliste
Sen---llement
Anest---iologiste
Anti-int---ectualiste
Men---llement
U---llement
H---rcholestérolémie
Man---tude
L---nce-master-doctorat
Vi---llement
Env---nnementaliste
Anti-inflati---iste
Int---inistérielle
Audiovi---lle
 
Statistiques - réponses
Réponse % Correct
Mas---
97%
Audiovi---lle
88%
Sen---llement
88%
Vi---llement
88%
Men---llement
85%
U---llement
82%
Inu---l
67%
Man---tude
55%
Aucun quiz correspondant
Distribution des résultats
% des personnes avec chaque résultat
Percentile par nombre de réponses
Votre historique - résultats
Vous n’avez pas pris ce quiz